[Event "1e eFXO Apeldoorns Weekendtoernooi"]
[Site "DSC Noord, Apeldoorn"]
[Date "2016.10.28"]
[Round "1.1"]
[White "Pruijssers, Roeland"]
[Black "Van Randtwijk, Mick"]
[Result "1-0"]
[LiveChessVersion "1.4.8"]
[BlackElo "1932"]
[WhiteElo "2490"]

1. e4  c5  2. Nf3  Nc6 3. Bb5  g6  4. Bxc6 bxc6  5. O-O  Bg7 6. Re1  Nf6
7. d3 O-O  8. c3  d5 9. e5  Ng4  10. h3  Nh6 11. Be3  Qa5  12. Nbd2 Rb8
13. Nb3  Qc7 14. Bxc5  a5  15. Qd2 Rb5  16. c4  dxc4 17. dxc4  Rd8  18. Qc3
Rb8  19. Qxa5  Qxa5 20. Nxa5  Rxb2  21. Nxc6 Re8  22. Nxe7+  Kh8 23. Bd6
Nf5  24. Nxf5 Bxf5  25. a4  Ra8 26. a5  Ra6  27. c5 Bd7  28. Rab1  Rxb1 29.
Rxb1  h5  30. Rb8+ Kh7  31. Ng5+  1-0

[Event "1e eFXO Apeldoorns Weekendtoernooi"]
[Site "DSC Noord, Apeldoorn"]
[Date "2016.10.28"]
[Round "1.2"]
[White "Auwens, Michel"]
[Black "Beeke, Bob"]
[Result "0-1"]
[LiveChessVersion "1.4.8"]
[BlackElo "2307"]
[WhiteElo "1892"]

1. e4  e5  2. Bc4  Nf6 3. d3  Nc6  4. Nf3 Bc5  5. O-O  O-O 6. c3  d6  7. h3
a6  8. Nbd2  Ba7 9. Bb3  Be6  10. Nc4 h6  11. Re1  Qd7 12. Ne3  Rfe8  13.
Nd5 Bxd5  14. Bxd5  Nxd5 15. exd5  Ne7  16. c4 f5  17. Be3  Bxe3 18. Rxe3
a5  19. Qc2 g5  20. Nh2  f4 21. Re4  Kg7  22. Qe2  Ng8 23. Qd1  Nf6  24.
Re1 h5  25. f3  Re7 26. Qd2  b6  27. Qf2  Qf5 28. Rad1  Rg8  29. d4 e4  30.
fxe4  Nxe4 31. Qf3  Kh6  32. g4 hxg4  33. Nxg4+  Kg6 34. Re2  Rge8  35.
Rde1 Nd2  36. Qf2  Rxe2 37. Rxe2  Qb1+  38. Kh2 Nf1+  39. Kg2  Ng3 0-1

[Event "1e eFXO Apeldoorns Weekendtoernooi"]
[Site "DSC Noord, Apeldoorn"]
[Date "2016.10.28"]
[Round "1.3"]
[White "Van Osch, Mees"]
[Black "Van Hoorn, Geert"]
[Result "1-0"]
[LiveChessVersion "1.4.8"]
[BlackElo "1874"]
[WhiteElo "2288"]

1. e4  c5  2. Nf3  d6 3. Bb5+  Bd7  4. Bxd7+ Qxd7  5. O-O  g6 6. c3  Bg7
7. d4 cxd4  8. cxd4  Nc6 9. Nc3  Nf6  10. d5 Nb4  11. e5  Ng4 12. e6  fxe6
13. dxe6 Qxe6  14. Ng5  Qf5 15. Qb3  Nd3  16. Ne6 Be5  17. f4  Nc5 18. Qb5+
Nd7  19. Nc7+ Kd8  20. fxe5  Qh5 21. h3  Kxc7  22. exd6+ exd6  23. Nd5+
Kd8 24. hxg4  Qxg4  25. Qxb7 Rb8  26. Qc7+  Ke8 27. Qxb8+  1-0

[Event "1e eFXO Apeldoorns Weekendtoernooi"]
[Site "DSC Noord, Apeldoorn"]
[Date "2016.10.28"]
[Round "1.4"]
[White "Groeneweg, Nick"]
[Black "Jacobs, Florian"]
[Result "0-1"]
[LiveChessVersion "1.4.8"]
[BlackElo "2231"]
[WhiteElo "1828"]

1. e4  e5  2. Nf3  Nc6 3. Bc4  Bc5  4. c3 Nf6  5. d3  O-O 6. Nbd2  a6  7.
Bb3  h6 8. O-O  Re8  9. Re1 Ba7  10. Nf1  d5 11. Qe2  Be6  12. Ng3 Qd7  13.
Be3  Bxe3 14. Qxe3  Rad8  15. Qe2 g6  16. Rad1  d4 17. Bxe6  Qxe6  18. c4
b5  19. b3  Rb8 20. Rc1  Na7  21. Qd2  Kg7 22. Nh4  Nd7  23. h3 Qf6  24.
Nf3  bxc4 25. Rxc4  c5  26. Qa5 Rec8  27. Nd2  Nc6 28. Qxa6  Nb4  29. Qxf6+
Kxf6  30. Ne2  Nb6 31. Nc1  Nxc4  32. Nxc4 Ke6  33. g3  g5 34. Re2  Rb5
35. Kg2  h5 36. Kh2  Ra8  37. Kg2 f6  38. Rd2  Rb7 39. a4  Nc6  40. Rc2 Nb4
41. Rd2  g4 42. h4  Nc6  43. Rc2 Na5  44. Nxa5  Rxa5 45. Kf1  Kd6  46. Ke2
Ra8  47. Ke1  Rab8 48. Ra2  Ra7  49. Ke2 Kc6  50. Kd2  Rf7 51. Ke2  Kb6
52. Rc2 f5  53. Rc4  Rbf8 54. b4  fxe4  55. Rxc5 Rxf2+  56. Kd1  Rg2 57.
Ne2  Rf1+  58. Kc2 Rxe2+  0-1

[Event "1e eFXO Apeldoorns Weekendtoernooi"]
[Site "DSC Noord, Apeldoorn"]
[Date "2016.10.28"]
[Round "1.5"]
[White "Van der Elburg, Freddie"]
[Black "Wouters, Casper"]
[Result "1-0"]
[LiveChessVersion "1.4.8"]
[BlackElo "1820"]
[WhiteElo "2130"]

1. f4  d5  2. Nf3  Nf6 3. g3  c5  4. Bg2 Nc6  5. O-O  Bf5 6. d3  h6  7. c3
e6  8. Na3  d4 9. Bd2  Be7  10. Nc4  Rc8 11. Nfe5  Nd5  12. Nxc6 bxc6  13.
Ne5  Bf6 14. Qa4  Bxe5  15. fxe5 Bg4  16. Qxa7  O-O 17. Qxc5  dxc3  18.
bxc3 Bxe2  19. Rf2  Bxd3 20. c4  Qb6  21. Be3 Qb8  22. cxd5  cxd5 23. Qd4
Bg6  24. Bf1 Rc6  25. a4  Rfc8 26. a5  Rc3  27. a6 Qb3  28. Bd2  1-0

[Event "1e eFXO Apeldoorns Weekendtoernooi"]
[Site "DSC Noord, Apeldoorn"]
[Date "2016.10.28"]
[Round "1.6"]
[White "Sep, Cees"]
[Black "Leontiev, Oleg"]
[Result "1-0"]
[LiveChessVersion "1.4.8"]
[BlackElo "2016"]
[WhiteElo "1791"]

1. e4  e6  2. d4  d5 3. e5  c5  4. c3 Qb6  5. Nf3  Nc6 6. a3  Bd7  7. Be2
Be7  8. O-O  f6 9. dxc5  Bxc5  10. b4  Be7 11. c4  fxe5  12. cxd5 exd5  13.
Nc3  Nf6 14. Nxd5  Nxd5  15. Qxd5 Nd4  16. Nxd4  exd4 17. Bd3  O-O-O  18.
Bf4 Bc6  19. Bf5+  1-0

[Event "1e eFXO Apeldoorns Weekendtoernooi"]
[Site "DSC Noord, Apeldoorn"]
[Date "2016.10.28"]
[Round "1.7"]
[White "Cebula, Jerzy"]
[Black "Bouwer, Hans"]
[Result "1-0"]
[LiveChessVersion "1.4.8"]
[BlackElo "1789"]
[WhiteElo "2011"]

1. e4  e5  2. Nf3  Nc6 3. Bb5  a6  4. Ba4 d6  5. O-O  f5 6. exf5  Bxf5  7.
Nc3  Be7 8. Re1  Nf6  9. d4 e4  10. d5  exf3 11. dxc6  b5  12. Bb3 Kf8  13.
Qxf3  Qc8 14. Nd5  Bd8  15. Bg5 Bg4  16. Nxf6  Bxf6 17. Qd5  Be6  18. Rxe6
Bxg5  19. Qf5+  Bf6 20. Rxf6+  1-0

[Event "1e eFXO Apeldoorns Weekendtoernooi"]
[Site "DSC Noord, Apeldoorn"]
[Date "2016.10.28"]
[Round "1.8"]
[White "Shakhverdian, William"]
[Black "Schleipfenbauer, Bent"]
[Result "1-0"]
[LiveChessVersion "1.4.8"]
[BlackElo "1945"]
[WhiteElo "1686"]

1. d4  Nf6  2. Nf3  g6 3. c4  Bg7  4. Nc3 O-O  5. e4  d6 6. g3  e5  7. Bg2
exd4 8. Nxd4  Nbd7  9. O-O Re8  10. Re1  a6 11. h3  Rb8  12. Be3 Ne5  13.
b3  Bd7 14. Rc1  b5  15. cxb5 Bxb5  16. Ncxb5  axb5 17. f4  Ned7  18. Nc6
Qc8  19. Nxb8  Qxb8 20. Qc2  c5  21. Qd3 Nb6  22. Bf2  c4 23. bxc4  Nxc4
24. Bd4 Nd7  25. Bxg7  Kxg7 26. a4  Qa7+  27. Kh2 Qxa4  28. Qc3+  Nf6 29.
Ra1  1-0

[Event "1e eFXO Apeldoorns Weekendtoernooi"]
[Site "DSC Noord, Apeldoorn"]
[Date "2016.10.29"]
[Round "2.1"]
[White "Cebula, Jerzy"]
[Black "Pruijssers, Roeland"]
[Result "0-1"]
[LiveChessVersion "1.4.8"]
[BlackElo "2490"]
[WhiteElo "2011"]

1. e4  e5  2. Nf3  d6 3. d4  exd4  4. Nxd4 Nf6  5. Nc3  Be7
 6. Bf4  O-O  7. Qd2 c6  8. a4  a5 9. f3  Re8  10. O-O-O  Bf8
 11. Nb3  Qb6  12. Bxd6 Be6  13. Bxf8  Rxf8 14. Qd4  Qb4  15. Nc5
 Nbd7  16. Nxe6  fxe6 17. Bc4  Rfe8  18. Na2 Qe7  19. Qd6  Qf7
 20. Nc3  Kh8  21. Qf4 Qh5  22. Qe3  Qe5 23. g4  Qc7  24. h4
 b5  25. axb5  a4 26. bxc6  Ne5  27. Qc5 Nxf3  28. Qd6  Qa5
 29. Bxe6  a3  30. b4 a2  31. Nxa2  Qa3+ 32. Kb1  Nxe4  33. Qd3
 Nfd2+  34. Rxd2  Nxd2+ 35. Qxd2  Rxe6  36. Qd5 Rxc6  37. Qxc6  Qxa2+
 38. Kc1  Qa1+  39. Kd2 Qd4+  40. Ke2  Rf8 41. Rf1  Qe5+  42. Kd3
 Rd8+  0-1

[Event "1e eFXO Apeldoorns Weekendtoernooi"]
[Site "DSC Noord, Apeldoorn"]
[Date "2016.10.29"]
[Round "2.2"]
[White "Beeke, Bob"]
[Black "Sep, Cees"]
[Result "1-0"]
[LiveChessVersion "1.4.8"]
[BlackElo "1791"]
[WhiteElo "2307"]

1. d4  d5  2. c4  e5 3. dxe5  d4  4. Nf3 Nc6  5. a3  Nge7
 6. b4 Ng6  7. Bb2  Ncxe5 8. Nxe5  Nxe5  9. e3 c5  10. exd4  cxd4
 11. Qxd4  Qxd4  12. Bxd4 f6  13. f4  Nc6 14. Be3  Bf5  15. Be2  O-O-O
 16. Nc3  Nd4  17. Bxd4 Rxd4  18. O-O  Be6 19. Rad1  Rxd1  20. Rxd1
 a5  21. c5  axb4 22. axb4  b6  23. Ba6+ Kb8  24. Nb5  Bc8
 25. Bxc8  Kxc8  26. c6 Bxb4  27. Rd7  1-0

[Event "1e eFXO Apeldoorns Weekendtoernooi"]
[Site "DSC Noord, Apeldoorn"]
[Date "2016.10.29"]
[Round "2.3"]
[White "Bauer, Jelle"]
[Black "Van Osch, Mees"]
[Result "0-1"]
[LiveChessVersion "1.4.8"]
[BlackElo "2288"]
[WhiteElo "1755"]

1. e4  c5  2. Nf3  Nc6 3. d4  cxd4  4. Nxd4 Nf6  5. Nc3  d6 
6. Be2  e5  7. Nb3  Be7 8. Be3  O-O  9. f3 a5  10. a4  Nb4 
11. O-O  Be6  12. Nd2  Rc8 13. Kh1  Qd7  14. Bg1 d5  15. exd5  Nfxd5
 16. Nxd5  Qxd5  17. c3 Nd3  18. Bxd3  Qxd3 19. Ne4  Qa6  20. Re1
 Rfd8  21. Qe2  Bc4 22. Qf2  f5  23. Ng3 Bc5  24. Qc2  Bxg1
 25. Rxg1  Bd3  26. Qb3+ Bc4  27. Qc2  Bd3 28. Qb3+  Kh8  29. Rge1
 f4  30. Ne4  Qg6 31. Rad1  b6  32. c4 Bxe4  33. Rxe4  h6
 34. Qc2  Qg5  35. Qe2 Qe7  36. b3  Rxd1+ 37. Qxd1  Rd8  
 38. Qc2 Qa3  39. h3  Qa1+ 40. Kh2  Rd1  0-1

[Event "1e eFXO Apeldoorns Weekendtoernooi"]
[Site "DSC Noord, Apeldoorn"]
[Date "2016.10.29"]
[Round "2.4"]
[White "Jacobs, Florian"]
[Black "Shakhverdian, William"]
[Result "1-0"]
[LiveChessVersion "1.4.8"]
[BlackElo "1686"]
[WhiteElo "2231"]

1. d4  Nf6  2. c4  g6 3. f3  Bg7  4. e4 d6  5. Ne2  O-O 
6. Nec3  Nbd7  7. Bg5  c5 8. d5  a6  9. a4 h6  10. Be3  Qc7
 11. Be2  Re8  12. O-O Nf8  13. Qd2  Kh7 14. Na3  e6  15. Rfd1
 exd5  16. cxd5  Bd7 17. a5  Rad8  18. Nc4 Bc8 19. Rab1  N8d7  20. Rdc1
 Ne5  21. Nxe5  Rxe5 22. Bf4  Ree8  23. Na4 Qe7  24. Nb6  Nd7 25. b4  Nxb6  26. axb6
 cxb4  27. Rxb4  f5 28. Rc7  Qf8  29. Bxh6 Rd7  30. Bxg7  Rxg7 31. exf5  Rxc7  32. fxg6+
 Kxg6  33. bxc7  Re7 34. Bd3+  Bf5  35. Rg4+ Kh7  36. Rh4+  Kg6 37. Bxf5+  Qxf5  38. Qh6+
 Kf7  39. Qh7+  1-0

[Event "1e eFXO Apeldoorns Weekendtoernooi"]
[Site "DSC Noord, Apeldoorn"]
[Date "2016.10.29"]
[Round "2.5"]
[White "Seelemeijer, Jasper"]
[Black "Tangarife Ramirez, Gonzalo"]
[Result "0-1"]
[LiveChessVersion "1.4.8"]
[BlackElo "2031"]
[WhiteElo "1943"]

1. d4  Nf6  2. c4  g6 3. Nc3  d5  4. Bg5 Ne4  5. cxd5  Nxg5
 6. h4  Ne4  7. Nxe4 Qxd5  8. Nc3  Qa5 9. e4  Bg7  10. Qd2
 Nc6  11. Nf3  Bg4 12. Bb5  O-O  13. e5 Rfd8  14. Bxc6  bxc6
 15. Qf4  Bxf3  16. gxf3 c5  17. O-O-O  cxd4 18. Rxd4  Bxe5  19. Rxd8+
 Rxd8  20. Qc4  Rd4 21. Qc6  Rd6  22. Qc4 h5  23. Ne4  Rb6
 24. Nc3  Bxc3 0-1

[Event "1e eFXO Apeldoorns Weekendtoernooi"]
[Site "DSC Noord, Apeldoorn"]
[Date "2016.10.29"]
[Round "2.6"]
[White "Leontiev, Oleg"]
[Black "Martinez, Anna"]
[Result "1-0"]
[LiveChessVersion "1.4.8"]
[BlackElo "1785"]
[WhiteElo "2016"]

1. d4  Nf6  2. c4  e6 3. Nc3  Bb4  4. Nf3 d5  5. e3  Nbd7 
6. cxd5  exd5  7. Qb3  Qe7 8. Bd2  c6  9. Bd3 Nb6  10. O-O  Bd6
 11. h3  Ne4  12. Rad1 g5  13. Qc2  f5 14. Ne5  Nd7  15. f4  Rg8
 16. Nxe4  fxe4  17. Be2 gxf4  18. Bh5+  Kd8 19. Nf7+  Kc7  20. Nxd6
 Qxd6  21. exf4  Nf6 22. Bf7  Rg7  23. f5 Kd8  24. Bf4  Qe7
 25. Be6  Bxe6  26. fxe6 Qxe6  27. Be5  Rg6 28. Qf2  Ke7  29. Qh4
 h6  30. Rf2  Rf8 31. Rdf1  b6  32. b4 Rf7  33. a4  c5 
34. bxc5  bxc5  35. Rf5  cxd4 36. Bxd4  e3  37. Re5 Qxe5  38. Bxe5  Ke6
 39. Bxf6  Rgxf6  40. Re1 Kd7  41. Qd4  Rd6 42. Qxa7+  Ke6  43. Rxe3+
 Kf6  44. Rf3+  1-0

[Event "1e eFXO Apeldoorns Weekendtoernooi"]
[Site "DSC Noord, Apeldoorn"]
[Date "2016.10.29"]
[Round "2.7"]
[White "Schleipfenbauer, Bent"]
[Black "Van Hoorn, Geert"]
[Result "0-1"]
[LiveChessVersion "1.4.8"]
[BlackElo "1874"]
[WhiteElo "1945"]

1. c4 Nf6 2. Nc3 g6 3. g3 Bg7 4. Bg2 O-O 5. Nf3 d6 6. O-O e5 7. d3 c6 8. Rb1 Bf5
9. Bg5 Qd7 10. Qd2 Bh3 11. b4 Na6 12. a4 Rae8  13. Ne1 Bxg2  14. Kxg2  d5
 15. Nc2  Nh5  16. Rfd1 f5  17. f3  f4 18. g4  Nf6  19. Bxf6  Bxf6
 20. Qe1  Qd8  21. b5 Bh4  22. Qg1  Qa5 23. Rb3  Nc7  24. b6 Ne6  25. bxa7  Nc5
 26. Rb4  d4  27. Ne4 Nxe4  28. fxe4  Qxa7 29. Rdb1  Rf7  30. Kf3 c5  31. R4b3  Qxa4
 32. g5  h6  33. gxh6 g5  34. Qg4  Kh8 35. Na3  Rg8  36. h3 Qa5  37. Qe6  Qd2
 38. Qxe5+  Kh7  39. Nc2 g4+  40. hxg4  Rxg4 41. Qh5  Rg3+  42. Kf2 Qe3+  43. Nxe3  fxe3+
 44. Ke1  Rg1# 0-1

[Event "1e eFXO Apeldoorns Weekendtoernooi"]
[Site "DSC Noord, Apeldoorn"]
[Date "2016.10.29"]
[Round "2.8"]
[White "Van Randtwijk, Mick"]
[Black "Groeneweg, Nick"]
[Result "1-0"]
[LiveChessVersion "1.4.8"]
[BlackElo "1828"]
[WhiteElo "1932"]

1. e4  c6  2. d4  d5 3. Nc3  dxe4  4. Nxe4 Bf5  5. Ng3  Bg6 6. h4  h6  7. Nf3
 Nd7  8. h5  Bh7 9. Bd3  Bxd3  10. Qxd3  Ngf6 11. Bd2  e6  12. O-O-O Qc7  13. Kb1  Be7
 14. c4  c5  15. d5 exd5  16. cxd5  Nb6 17. Nf5  O-O-O  18. d6 Bxd6  19. Nxg7  Bf8
 20. Qf5+  Nbd7  21. Bf4 Qc6  22. Ne5  Qe4+ 23. Qxe4  Nxe4  24. Nf5 Nxe5  25. Rxd8+  Kxd8
 26. Bxe5  f6  27. Re1 fxe5  28. Rxe4  Rg8 29. g4  Kd7  30. f3 Ke6  31. Kc2  b5
 32. a4  a6  33. axb5 axb5  34. Re1  Kf6 35. Kd3  Bg7  36. Ke4 Rd8  37. Ra1  Bf8
 38. Ra6+  Kf7  39. Kxe5 Rd2  40. Ra7+  Kg8 41. Kf6  Rf2  42. Ra8 Rxf3  43. Kg6  Rf2
 44. Nxh6+  Kh8  45. Nf5 Kg8  46. h6  1-0

[Event "1e eFXO Apeldoorns Weekendtoernooi"]
[Site "DSC Noord, Apeldoorn"]
[Date "2016.10.30"]
[Round "3.1"]
[White "Pruijssers, Roeland"]
[Black "Jacobs, Florian"]
[Result "1-0"]
[LiveChessVersion "1.4.8"]
[BlackElo "2231"]
[WhiteElo "2490"]

1. e4  e5  2. Nf3  Nc6 3. Bc4  Bc5  4. c3 Nf6  5. d3  O-O 6. Qe2  a6  7. Nbd2  d5
 8. exd5  Nxd5  9. Ne4 Be7  10. O-O  Nb6 11. Bb3  Bg4  12. h3 Bh5  13. Ng3  Bg6
 14. Nxe5  Nxe5  15. Qxe5 Nd7  16. Qe3  Nc5 17. d4  Nxb3  18. axb3 Bd6  19. f4  Qh4
 20. Ra5  b5  21. Qf3 Rfe8  22. Bd2  c5 23. d5  Bc7  24. Raa1 c4  25. Rfe1  a5
 26. d6  Bxd6  27. Rxe8+ Rxe8  28. Rxa5  Bc5+ 29. Kh2  Qd8  30. Rxb5 Ba7  31. Qd5  Bd3
 32. bxc4  Qxd5  33. Rxd5 Bxc4  34. Rd7  Bb8 35. Rd4  Ba6  36. f5 h5  37. Bf4  h4 
 38. Bxb8  Rxb8  39. Ne4  f6 40. Nc5  Be2  41. b4  Ra8  42. Ne6  Ra2 43. Rd7  Bf3  44. Rxg7+
 Kh8  45. Rg6  Be4 46. Nd4  1-0

[Event "1e eFXO Apeldoorns Weekendtoernooi"]
[Site "DSC Noord, Apeldoorn"]
[Date "2016.10.30"]
[Round "3.2"]
[White "Van Osch, Mees"]
[Black "Beeke, Bob"]
[Result "1-0"]
[LiveChessVersion "1.4.8"]
[BlackElo "2307"]
[WhiteElo "2288"]

1. e4  e5  2. Nf3  Nc6 3. Nc3  Nf6  4. d4  exd4  5. Nxd4  Bb4 6. Nxc6  bxc6  7. Bd3
 O-O  8. O-O  d5 9. exd5  cxd5  10. h3  h6 11. Qf3  c6  12. Bf4 Re8  13. Ne2  Bd6
 14. Rfe1  Qc7  15. Bxh6 Bh2+  16. Kh1  Be5 17. Bf4  c5  18. Bxe5 Qxe5  19. Nf4  Qxe1+
 20. Rxe1  Rxe1+  21. Kh2 Bb7  22. Bf5  Re7 23. Qa3  Rc7  24. Qa5 Rc6  25. Nd3  c4
 26. Ne5  Rb6  27. Qc5 g6  28. Bg4  Rxb2 29. Qe7  Nxg4+  30. Nxg4 Ba6  31. Nh6+  Kg7
 32. Qe5+  Kxh6  33. Qxb2 Kh7  34. Qf6  1-0

[Event "1e eFXO Apeldoorns Weekendtoernooi"]
[Site "DSC Noord, Apeldoorn"]
[Date "2016.10.30"]
[Round "3.3"]
[White "Tangarife Ramirez, Gonzalo"]
[Black "Van der Elburg, Freddie"]
[Result "0-1"]
[LiveChessVersion "1.4.8"]
[BlackElo "2130"]
[WhiteElo "2031"]

1. d4  f5  2. g3  Nf6 3. c4  g6  4. Bg2 Bg7  5. Nc3  O-O 6. Bg5  Nc6  7. e3
 d6  8. Nge2  h6 9. Bxf6  Bxf6  10. Nf4 Kh7 11. Nd3  e5  12. dxe5 dxe5  13. e4 f4
 14. O-O  Bg7  15. Nd5 g5  16. Qh5 Nd4 17. gxf4  exf4  18. e5 f3  19. Bh3 Qe8
 20. Qxe8  Bxh3 0-1

[Event "1e eFXO Apeldoorns Weekendtoernooi"]
[Site "DSC Noord, Apeldoorn"]
[Date "2016.10.30"]
[Round "3.4"]
[White "Bouwer, Hans"]
[Black "Leontiev, Oleg"]
[Result "0-1"]
[LiveChessVersion "1.4.8"]
[BlackElo "2016"]
[WhiteElo "1789"]

1. d4  d5  2. c4  c6 3. Nf3  Nf6  4. Qc2 e6  5. e3  Bd6 6. Nc3  Nbd7  7. Bd3  O-O
 8. O-O  dxc4  9. Bxc4 e5  10. h3  Qe7 11. Re1  e4  12. Ng5  Nb6 13. Bxf7+  Rxf7  14. Nxf7
 Kxf7  15. Qe2  Be6 16. f4  exf3  17. Qxf3 Kg8  18. e4  Bc7 19. Bg5  Qf7  20. e5
 Nfd5  21. Qxf7+  Kxf7 22. Ne4  Kg6  23. Nc5 Bxh3  24. gxh3  Kxg5 25. Ne6+  Kg6  26. Kh2
 Kf7  27. Nxc7  Nxc7 28. Rf1+  Ke7  29. Rg1 Ne6  30. Rg4  Rd8 31. Rf1  Rxd4  0-1

[Event "1e eFXO Apeldoorns Weekendtoernooi"]
[Site "DSC Noord, Apeldoorn"]
[Date "2016.10.30"]
[Round "3.5"]
[White "Shakhverdian, William"]
[Black "Cebula, Jerzy"]
[Result "0-1"]
[LiveChessVersion "1.4.8"]
[BlackElo "2011"]
[WhiteElo "1686"]

1. e4  e5  2. Nf3  Nc6 3. Bb5  a6  4. Ba4 Bc5  5. O-O  Nf6 6. d3  d6  7. h3
 b5  8. Bb3  Na5 9. Bg5  h6  10. Bh4  g5 11. Bg3  Nh5  12. Bh2 Nxb3  13. axb3  g4
 14. Nfd2  Rg8  15. Kh1 gxh3  16. gxh3  Bxh3 17. Qxh5  Bg2+  18. Kg1 Bf3+  19. Bg3  Bxh5
 0-1

[Event "1e eFXO Apeldoorns Weekendtoernooi"]
[Site "DSC Noord, Apeldoorn"]
[Date "2016.10.30"]
[Round "3.6"]
[White "Van Hoorn, Geert"]
[Black "Bauer, Jelle"]
[Result "1-0"]
[LiveChessVersion "1.4.8"]
[BlackElo "1755"]
[WhiteElo "1874"]

1. e4  c5  2. Nc3  Nc6 3. f4  e6  4. Nf3 d5  5. Bb5  d4 6. Bxc6+  bxc6  7. Ne2  Nf6
 8. d3  Be7  9. O-O O-O  10. b3  Qc7 11. Ng3  Nd7  12. f5 Bd6  13. fxe6  fxe6
 14. Nh1  Ne5  15. g3 Bd7  16. Bd2  Ng4 17. Qe2  e5  18. Nh4 Nf6  19. Bg5  Bh3
 20. Rxf6  gxf6  21. Bh6 Rf7  22. g4  Kh8 23. Nf2  Rg8  24. Nxh3 Bf8  25. Nf5  Rg6
 26. Bxf8  Rxf8  27. Kh1 Rfg8  28. Nf2  h5 29. h3  Qh7  30. Kg2 h4  31. Rf1  Rg5
 32. Nd1  Qh5  33. Kh2 Qh7  34. Nb2  Qd7 35. Nc4  R8g6  36. Qe1 Qh7  37. Qa5  Rg8
 38. Qxc5  Rxf5  39. Rxf5 1-0

[Event "1e eFXO Apeldoorns Weekendtoernooi"]
[Site "DSC Noord, Apeldoorn"]
[Date "2016.10.30"]
[Round "3.7"]
[White "Martinez, Anna"]
[Black "Van Randtwijk, Mick"]
[Result "0-1"]
[LiveChessVersion "1.4.8"]
[BlackElo "1932"]
[WhiteElo "1785"]

1. d4  Nf6  2. c4  e6 3. Nc3  Bb4  4. Bg5 c5  5. d5  d6 6. e4  h6  7. Bxf6  Qxf6
 8. Nge2  O-O  9. a3 Ba5  10. f3  exd5 11. exd5  Re8  12. Kf2 Qh4+  13. g3  Qe7
 14. Qd2  Nd7  15. Nf4 Ne5  16. Bd3  Qf6 17. b4  cxb4  18. Ne4 Nxd3+  19. Qxd3  Qb2+
 20. Ne2  f5  21. Nd2 Bb6+  22. Kg2  Re3 23. Rhb1  Qe5  24. Qc2 Rxe2+  25. Kh1  Qe3
 0-1

[Event "1e eFXO Apeldoorns Weekendtoernooi"]
[Site "DSC Noord, Apeldoorn"]
[Date "2016.10.30"]
[Round "3.8"]
[White "Auwens, Michel"]
[Black "Seelemeijer, Jasper"]
[Result "1-0"]
[LiveChessVersion "1.4.8"]
[BlackElo "1943"]
[WhiteElo "1892"]

1. e4  e5  2. Nf3  Nc6 3. Bc4  Nf6  4. Ng5 d5  5. exd5  Na5 6. Bb5+  c6  7. dxc6
 bxc6  8. Bd3  Bc5 9. O-O  O-O  10. Nc3 h6  11. Nge4  Nxe4 12. Nxe4  Bb6  13. b4
 Nb7  14. Bb2  f5 15. Bc4+  Kh7  16. Ng3 Nd6  17. d3  Nxc4 18. dxc4  Qe7  19. Qe2
 e4  20. c5  Bc7 21. Rfe1  Qh4  22. f3  Bxg3 23. hxg3  Qxg3  24. fxe4 f4  25. Qf3  Qg6
 26. Be5  Bg4  27. Qf2 f3  28. g3  Bh3 29. Rad1  Bg2  30. Rd7  Rf7 31. Rxf7  Qxf7  32. Qd4
 Rd8  33. Bd6  Qh5 34. e5  Qh1+  35. Kf2 Qh2  36. Qe4+  Kh8 37. Qh4  Bh3+  38. Kxf3
 Qg2+  39. Ke3  Re8 40. Re2  Qg1+  41. Kd2 Be6  42. a4  Qa1 43. a5  a6  44. Qe4
 Bd5  45. Qd3  Qb2 46. Qc3  Qa2  47. e6 Bxe6  48. Rh2  Qd5+ 49. Kc1  Qg5+  50. Kb2
 Bd5  51. Bf4  Qg4 52. Rxh6+  Kg8  53. Rh4 Qg6  54. Qd3  Re4 55. Bd2  Qe8  56. Qxa6
 Re2  57. Qd3  Qe6 58. Qh7+  Kf7  59. Rf4+ Ke8  60. Qxg7  1-0

[Event "1e eFXO Apeldoorns Weekendtoernooi"]
[Site "DSC Noord, Apeldoorn"]
[Date "2016.10.30"]
[Round "4.1"]
[White "Van Osch, Mees"]
[Black "Pruijssers, Roeland"]
[Result "1/2-1/2"]
[LiveChessVersion "1.4.8"]
[BlackElo "2490"]
[WhiteElo "2288"]

1. e4  e5  2. Nf3  Nc6 3. Nc3  Nf6  4. d4 exd4  5. Nxd4  Bb4 6. Nxc6  bxc6  7. Bd3
 d5  8. exd5  cxd5 9. O-O  O-O  10. h3 c6  11. Qf3  Bd6 12. Bf4  Rb8  13. b3
 Qc7  14. Ne2  a5 15. Qg3  Rd8  16. Rfe1 c5  17. Bxd6  Qxd6 18. Rad1  Qxg3  19. Nxg3
 a4  20. Re7  c4 21. Bxc4  Be6  22. Bd3  Nd7 23. Bf5  Kf8  24. Rxe6 fxe6  25. Bxe6  Nf6
 26. f4  Rb6  27. f5 Ke7  28. Ne2  g5 29. Rd4  axb3  30. axb3 Kd6  31. Ra4  h5
 32. Kf2  Ne4+  33. Ke3 Nc5  34. Ra7  Nxe6 35. fxe6  Kxe6  36. Rh7 Kf5  37. Rxh5  Kg6
 1/2-1/2

[Event "1e eFXO Apeldoorns Weekendtoernooi"]
[Site "DSC Noord, Apeldoorn"]
[Date "2016.10.30"]
[Round "4.2"]
[White "Jacobs, Florian"]
[Black "Cebula, Jerzy"]
[Result "1-0"]
[LiveChessVersion "1.4.8"]
[BlackElo "2011"]
[WhiteElo "2231"]

1. d4  Nf6  2. c4  c5 3. d5  e6  4. Nc3 exd5  5. cxd5  d6 6. Nf3  g6  7. Bf4
 Bg7  8. Qa4+  Bd7 9. Qb3  Qc7  10. e4 O-O  11. Nd2  a6 12. a4  Nh5  13. Be3
 f5  14. exf5  Bxf5 15. Be2  Nf6  16. h3 h5  17. O-O  Nbd7 18. Nc4  Rad8  19. Bf4
 Nb8  20. Ne3  Ne4 21. Nxf5  Rxf5  22. Be3 Nxc3  23. bxc3  Rc8 24. Rab1  Rf7  25. Qc2
 Rf6  26. Bd3  Kh7 27. Bg5  Rcf8  28. Bxf6 Rxf6  29. Qb3  Rf7 30. f4  Bf6  31. Rfe1
 Qa5  32. Qc2  Rg7 33. Re6  Qxc3  34. Qxc3 Bxc3 35. f5  Be5  36. fxg6+ Kh6 37. h4  b5 
 38. axb5  axb5  39. Rxb5 Na6 40. Rxe5  dxe5  41. Bf5 Nc7  42. Rb8  Rxg6
 43. Bxg6  Kxg6  44. d6 1-0

[Event "1e eFXO Apeldoorns Weekendtoernooi"]
[Site "DSC Noord, Apeldoorn"]
[Date "2016.10.30"]
[Round "4.3"]
[White "Leontiev, Oleg"]
[Black "Van Randtwijk, Mick"]
[Result "1-0"]
[LiveChessVersion "1.4.8"]
[BlackElo "1932"]
[WhiteElo "2016"]

1. d4  Nf6  2. c4  e6 3. Nf3  b6  4. Nc3 Bb4  5. a3  Bxc3+ 6. bxc3  Bb7  7. Bg5
 O-O  8. e3  h6 9. Bh4  d5  10. cxd5  exd5 11. Bd3  c5  12. O-O Nc6  13. Ne5  Qd6
 14. Bxf6  Qxf6  15. Nd7 Qg5  16. Nxf8  Rxf8 17. Qf3  Rc8  18. Qf5 cxd4  19. cxd4  g6
 20. Qxg5  hxg5  21. Rfc1 Na5  22. Rxc8+  Bxc8  23. Rc1  Be6  24. Rc7 a6  25. Ra7  Nc4
 26. Rxa6  b5  27. Kf1 Kf8  28. Bxg6  fxg6 29. Rxe6  Nxa3  30. Rb6 Ke7  31. Ke2  Kd7
 32. Kd3  Kc7  33. Rxg6 b4  34. Ra6  Nc4 35. Kc2  Kb7  36. Ra4
 1-0